Les 100 gares les plus fréquentées en France, hors transilien - Statistiques

Statistiques générales
  • Ce quiz a été pris 193 fois
    163 depuis la dernière actualisation
  • Le résultat moyen est 56 sur 100
Statistiques - réponses
Rang Nombre de voyageurs 2022 Gare % Correct
23 16 906 447 Marseille-Saint-Charles
96%
37 12 869 088 Toulouse-Matabiau
94%
17 21 446 966 Strasbourg
92%
6 36 558 465 Lyon-Part-Dieu
91%
18 21 353 889 Bordeaux-Saint-Jean
90%
28 15 512 154 Nantes
89%
50 9 397 550 Nice-Ville
89%
33 13 921 836 Rennes
87%
75 6 977 129 Rouen Rive Droite
87%
205 2 370 384 Brest
86%
243 1 875 316 Le Havre
84%
71 7 132 629 Lyon-Perrache
82%
56 8 302 189 Metz
82%
87 6 248 554 Tours
82%
73 7 081 622 Dijon
80%
55 8 320 214 Nancy
80%
124 4 309 354 Reims
80%
145 3 753 065 Caen
78%
118 4 439 452 Toulon
78%
119 4 420 737 Orléans
77%
15 21 992 946 Lille-Flandres
76%
250 1 809 687 Perpignan
76%
86 6 269 502 Angers-Saint-Laud
75%
117 4 487 177 Cannes
75%
89 6 056 899 Lille-Europe
75%
129 4 095 262 Clermont-Ferrand
73%
61 7 993 812 Grenoble
73%
107 5 048 028 Le Mans
73%
106 5 056 324 Mulhouse
73%
290 1 483 787 Quimper
73%
149 3 685 091 Saint-Etienne Châteaucreux
73%
90 6 004 673 Amiens
72%
249 1 816 923 Bourg-en-Bresse
72%
81 6 560 913 Monaco-Monte Carlo
72%
180 2 817 701 Annecy
71%
184 2 692 269 La Rochelle
71%
154 3 463 640 Poitiers
71%
309 1 322 129 Bayonne
70%
128 4 103 990 Colmar
70%
251 1 805 383 Limoges-Bénédictins
70%
252 1 766 624 Lorient
70%
229 2 019 329 Vannes
68%
67 7 646 291 Montpellier-Saint-Roch
67%
122 4 316 253 Chambéry-Challes-les-Eaux
66%
240 1 905 250 Dunkerque
66%
271 1 638 571 Saint-Malo
64%
293 1 476 306 Laval
63%
221 2 134 281 Narbonne
63%
288 1 490 704 Béziers
61%
300 1 383 328 Montauban Ville Bourbon
59%
170 3 022 392 Valence TGV-Rhône-Alpes-Sud
59%
126 4 160 030 Avignon TGV
58%
216 2 198 301 Angoulême
57%
275 1 610 864 Saint-Brieuc
57%
146 3 739 796 Aix-en-Provence TGV
56%
192 2 593 610 Antibes
55%
132 3 920 113 Arras
55%
178 2 875 726 Valenciennes
55%
142 3 784 800 Saint-Pierre-des-Corps
54%
281 1 548 857 Lens
53%
283 1 540 511 Agen
52%
254 1 749 067 Blois-Chambord
51%
277 1 598 581 Chalon-sur-Saône
51%
158 3 394 491 Chartres
51%
303 1 367 966 Annemasse
50%
265 1 666 530 Lyon-Saint-Exupéry TGV
49%
310 1 320 394 Niort
49%
183 2 775 924 Avignon-Centre
48%
121 4 316 299 Nîmes-Centre
48%
247 1 838 470 Menton
47%
272 1 636 319 Beauvais
46%
187 2 616 257 Besançon Viotte
45%
204 2 373 588 Valence-Ville
45%
173 2 964 246 Douai
44%
267 1 660 814 Montpellier-Sud de France
42%
162 3 324 941 Thionville
37%
209 2 341 622 Compiègne
36%
301 1 377 994 Epinal
33%
304 1 358 265 Saint-Raphaël - Valescure
33%
276 1 601 485 Béthune
32%
263 1 690 650 Libourne
31%
278 1 589 138 Aix-les-Bains - Le Revard
30%
202 2 400 515 Sélestat
30%
305 1 358 031 Vichy
30%
235 1 956 515 Vienne
30%
302 1 375 848 Mâcon-Ville
28%
199 2 450 701 Villefranche-sur-Saône
27%
261 1 718 996 Hazebrouck
23%
287 1 500 251 Bellegarde-sur-Valserine
21%
246 1 846 340 Bourgoin-Jallieu
21%
307 1 334 530 Ambérieu-en-Bugey
20%
225 2 027 734 Haguenau
17%
294 1 473 871 Lyon-Jean Macé
17%
280 1 561 710 Lyon-Saint-Paul
15%
262 1 718 996 Nice Saint-Augustin
11%
286 1 524 325 Voiron
11%
207 2 350 877 Nice-Riquier
10%
306 1 352 209 Maintenon
8%
282 1 548 595 Epernon
7%
268 1 655 209 Molsheim
7%
Aucun quiz correspondant
Distribution des résultats
% des personnes avec chaque résultat
Percentile par nombre de réponses
Votre historique - résultats
Vous n’avez pas pris ce quiz depuis la dernière actualisation